| 000 -LEADER |
| fixed length control field |
00547nam a22001577a 4500 |
| 005 - DATE AND TIME OF LATEST TRANSACTION |
| control field |
20240125104227.0 |
| 008 - FIXED-LENGTH DATA ELEMENTS--GENERAL INFORMATION |
| fixed length control field |
240125s2015 enk||||| |||| 00| 0 geo d |
| 041 ## - LANGUAGE CODE |
| Language code of text/sound track or separate title |
eng |
| 080 ## - UNIVERSAL DECIMAL CLASSIFICATION NUMBER |
| Universal Decimal Classification number |
82 K-44 |
| 100 ## - MAIN ENTRY--PERSONAL NAME |
| Personal name |
Kilic, Fatih |
| 9 (RLIN) |
21120 |
| 245 ## - TITLE STATEMENT |
| Title |
Computer Mediated Assesment of Speaking test : |
| Remainder of title |
A New Perspective / |
| Statement of responsibility, etc. |
Fatih Kilic; Thesis Supervisor Natia Katamadze. |
| 264 ## - PRODUCTION, PUBLICATION, DISTRIBUTION, MANUFACTURE, AND COPYRIGHT NOTICE |
| Place of production, publication, distribution, manufacture |
Batumi, |
| Date of production, publication, distribution, manufacture, or copyright notice |
2015. |
| 300 ## - PHYSICAL DESCRIPTION |
| Extent |
84 p.: |
| Other physical details |
ill. |
| Dimensions |
30 cm. |
| 700 ## - ADDED ENTRY--PERSONAL NAME |
| Personal name |
Katamadze, Natia |
| Relator term |
მეცნიერ ხელმძღვანელი |
| 9 (RLIN) |
13281 |
| 942 ## - ADDED ENTRY ELEMENTS (KOHA) |
| Source of classification or shelving scheme |
|
| Koha item type |
დისერტაცია |